[Event "HEM B-Turnier"]
[Site "Frankfurt-Zeilsheim"]
[Date "2018.05.12"]
[Round "6.2"]
[White "Bergmann, Michael"]
[Black "Kirchner, Konrad"]
[Result "0-1"]
[WhiteElo "1847"]
[BlackElo "1698"]
[PlyCount "100"]
[EventDate "2018.??.??"]
[EventType "swiss"]
[EventRounds "7"]
[EventCountry "GER"]
[WhiteTeam "SF Frankfurt"]
[BlackTeam "SC Ehrenberg"]

1. e4 c5 2. Nf3 Nc6 3. Bb5 g6 4. O-O Bg7 5. Re1 e5 6. Nc3 Nge7 7. d3 O-O 8. a4
Na5 9. Bg5 f6 10. Be3 d6 11. h3 Be6 12. Qe2 a6 13. Bc4 Nxc4 14. dxc4 Qc7 15.
Nh2 f5 16. Nd5 Nxd5 17. cxd5 Bd7 18. exf5 Rxf5 19. c4 Raf8 20. Rf1 Qd8 21. Ng4
g5 22. f3 Qe8 23. a5 Qg6 24. Nf2 h5 25. Bd2 R5f7 26. b4 e4 27. Ra3 exf3 28.
Rxf3 Rxf3 29. gxf3 Bd4 30. Kg2 Re8 31. Qd1 Qf5 32. Rh1 h4 33. Ng4 Qd3 34. Re1
cxb4 35. Rxe8+ Bxe8 36. Qe1 Qg6 37. Bxb4 Bd7 38. Qd2 Bg7 39. Ba3 Bxg4 40. hxg4
Be5 41. Bb2 h3+ 42. Kf2 h2 43. Kg2 h1=Q+ 44. Kxh1 Qb1+ 45. Bc1 Bf4 46. Qe2
Qxc1+ 47. Kg2 Qd2 48. Kf1 Qxe2+ 49. Kxe2 Kf7 50. Kd3 Kf6 0-1

[Event "HEM B-Turnier"]
[Site "Frankfurt-Zeilsheim"]
[Date "2018.05.12"]
[Round "6.3"]
[White "Rabiya, Karim"]
[Black "Winter, Lars"]
[Result "0-1"]
[WhiteElo "1643"]
[BlackElo "1891"]
[PlyCount "76"]
[EventDate "2018.??.??"]
[EventType "swiss"]
[EventRounds "7"]
[EventCountry "GER"]
[WhiteTeam "SK Niederbrechen"]
[BlackTeam "SV Fechenheim"]

1. e4 c5 2. Nf3 Nc6 3. d4 cxd4 4. Nxd4 Nf6 5. Nc3 e5 6. Nb3 Bb4 7. Bg5 h6 8.
Bxf6 Qxf6 9. Bc4 Qg6 10. Qd5 O-O 11. O-O-O d6 12. Nb5 Be6 13. Qd3 Bxc4 14. Qxc4
Rfc8 15. Qd5 a6 16. Nc3 Bxc3 17. bxc3 Qxg2 18. Rhg1 Qf3 19. Rg3 Qf4+ 20. Nd2
Nd8 21. Rdg1 Ne6 22. Rf3 Qxh2 23. Rgg3 Nf4 24. Qxd6 Ne2+ 25. Kb2 Nxg3 26. Rxg3
Qxf2 27. Qxe5 Qb6+ 28. Kc1 f6 29. Qe7 g5 30. e5 Re8 31. Qd6 Qxd6 32. exd6 Rad8
33. Rd3 Re6 34. Nc4 b5 35. Na5 Rdxd6 36. Nb7 Rxd3 37. cxd3 h5 38. Nc5 Rc6 0-1

[Event "HEM B-Turnier"]
[Site "Frankfurt-Zeilsheim"]
[Date "2018.05.12"]
[Round "6.4"]
[White "Wilke, Tabea"]
[Black "Varma, Christopher"]
[Result "0-1"]
[WhiteElo "1773"]
[BlackElo "1811"]
[PlyCount "70"]
[EventDate "2018.??.??"]
[EventType "swiss"]
[EventRounds "7"]
[EventCountry "GER"]
[WhiteTeam "SC Hattersheim"]
[BlackTeam "SC Bad Nauheim"]

1. e4 e6 2. d3 d5 3. Nd2 Nf6 4. Ngf3 g6 5. g3 Bg7 6. Bg2 O-O 7. O-O c5 8. Re1
Nc6 9. Qe2 Qc7 10. Nb3 b6 11. e5 Nd7 12. Bf4 a5 13. a4 Ba6 14. Qd2 Nb4 15. h4
Rac8 16. Bh6 c4 17. Nbd4 cxd3 18. c3 Nc6 19. Nxc6 Qxc6 20. h5 Nc5 21. Qg5 Nd7
22. Bxg7 Kxg7 23. Nd4 Qc7 24. Bh3 Qd8 25. Qe3 Qe7 26. Bf1 Nc5 27. b4 Ne4 28.
Bxd3 Bxd3 29. Qxd3 Rxc3 30. Qb5 Qxb4 31. Nxe6+ fxe6 32. Qd7+ Kh6 33. hxg6 Rxg3+
34. Kh2 Rxf2+ 35. Kh1 Rxg6 0-1

[Event "HEM B-Turnier"]
[Site "Frankfurt-Zeilsheim"]
[Date "2018.05.12"]
[Round "6.5"]
[White "Muenstermann, Matthias"]
[Black "Lehnert, Michael"]
[Result "0-1"]
[WhiteElo "1891"]
[BlackElo "1858"]
[PlyCount "62"]
[EventDate "2018.??.??"]
[EventType "swiss"]
[EventRounds "7"]
[EventCountry "GER"]
[WhiteTeam "SK Langen"]
[BlackTeam "SK Niederbrechen"]

1. d4 Nf6 2. c4 e6 3. Nc3 b6 4. Nf3 Bb7 5. Bg5 Be7 6. e3 d6 7. Be2 h6 8. Bh4 g5
9. Bg3 g4 10. Nd2 Bxg2 11. Rg1 Bh3 12. Qc2 h5 13. Bh4 Nbd7 14. O-O-O Ng8 15.
Bxe7 Nxe7 16. e4 Ng6 17. Bd3 Nf4 18. Rge1 a6 19. e5 dxe5 20. dxe5 Nxe5 21. Be4
Ned3+ 22. Kb1 Nxe1 23. Bc6+ Kf8 24. Rxe1 Rb8 25. Nce4 Qd3 26. Nf6 Qxc2+ 27.
Kxc2 Kg7 28. Nde4 Bg2 29. b3 Bxe4+ 30. Nxe4 f5 31. Nc3 Rhd8 0-1

[Event "HEM B-Turnier"]
[Site "Frankfurt-Zeilsheim"]
[Date "2018.05.12"]
[Round "6.7"]
[White "Zalewski, Ulrich"]
[Black "Faysal, Wasim"]
[Result "1/2-1/2"]
[WhiteElo "1788"]
[BlackElo "1703"]
[PlyCount "62"]
[EventDate "2018.??.??"]
[EventType "swiss"]
[EventRounds "7"]
[EventCountry "GER"]
[WhiteTeam "Biebertaler SF"]
[BlackTeam "Biebertaler SF"]

1. e4 c5 2. Nf3 Nc6 3. d4 cxd4 4. Nxd4 g6 5. c4 Bg7 6. Be3 Nf6 7. Nc3 O-O 8.
Be2 d6 9. f4 Bd7 10. O-O Qc8 11. Nf3 Ng4 12. Bc1 Qd8 13. c5 Qa5 14. cxd6 Qc5+
15. Kh1 Nf2+ 16. Rxf2 Qxf2 17. dxe7 Nxe7 18. Qxd7 Bxc3 19. bxc3 Qxe2 20. Ba3
Rfe8 21. Bxe7 Qxe4 22. Bh4 Qxf4 23. Bg3 Qf6 24. Bh4 Qxc3 25. Rf1 Qc4 26. Kg1 h6
27. Bf6 Qc6 28. Qd4 Qb6 29. Rc1 Re6 30. Qxb6 Rxb6 31. Bd4 Ra6 1/2-1/2

[Event "HEM B-Turnier"]
[Site "Frankfurt-Zeilsheim"]
[Date "2018.05.12"]
[Round "6.8"]
[White "Schmitt, Clemens"]
[Black "John, Volkmar"]
[Result "0-1"]
[WhiteElo "1712"]
[BlackElo "1777"]
[PlyCount "138"]
[EventDate "2018.??.??"]
[EventType "swiss"]
[EventRounds "7"]
[EventCountry "GER"]
[WhiteTeam "SV Bergwinkel"]
[BlackTeam "SK Herborn"]

1. c4 c5 2. g3 Nc6 3. Bg2 g6 4. Nc3 Bg7 5. d3 e6 6. Qd2 Nge7 7. b3 d5 8. Bb2
dxc4 9. Ne4 Bxb2 10. Qxb2 Qd4 11. Nd6+ Kf8 12. Nxc4 Qxb2 13. Nxb2 b6 14. Nc4
Bd7 15. h4 Rd8 16. O-O-O Nd5 17. Kb2 Ke7 18. h5 g5 19. Nf3 f6 20. e4 Nc7 21. e5
h6 22. exf6+ Kxf6 23. Rde1 Nb4 24. Nfe5 Bb5 25. f4 gxf4 26. Rhf1 Nxd3+ 27. Nxd3
Rxd3 28. Rxf4+ Ke7 29. Ne5 Rd2+ 30. Ka1 Rhd8 31. Ng6+ Kd6 32. Bf3 Bc6 33. Bxc6
Kxc6 34. Ne5+ Kb7 35. Nf7 R8d3 36. Ne5 Rxg3 37. Nc4 Rh2 38. Rf7 Rgg2 39. Rd1
Rxa2+ 40. Kb1 b5 41. Rdd7 bxc4 42. Rxc7+ Kb6 43. bxc4 Rhb2+ 44. Kc1 Rf2 45.
Rb7+ Kc6 46. Rbc7+ Kd6 47. Rxf2 Rxf2 48. Rh7 Rf4 49. Rxh6 Rxc4+ 50. Kb2 Rh4 51.
Rh8 Rh3 52. h6 Ke5 53. h7 Ke4 54. Re8 Rxh7 55. Rxe6+ Kd4 56. Rc6 Kc4 57. Rc8
Rb7+ 58. Ka3 Kd4 59. Rd8+ Kc3 60. Rc8 c4 61. Rh8 Rd7 62. Rh3+ Rd3 63. Rh7 a5
64. Rc7 Kd2+ 65. Ka2 c3 66. Kb1 a4 67. Rc8 a3 68. Rh8 c2+ 69. Ka2 c1=Q 0-1

[Event "HEM B-Turnier"]
[Site "Frankfurt-Zeilsheim"]
[Date "2018.05.12"]
[Round "6.9"]
[White "Schneider, Kevin"]
[Black "Zerhusen, Martin"]
[Result "1-0"]
[WhiteElo "1699"]
[BlackElo "1744"]
[PlyCount "39"]
[EventDate "2018.??.??"]
[EventType "swiss"]
[EventRounds "7"]
[EventCountry "GER"]
[WhiteTeam "SC Breuberg"]
[BlackTeam "SV Oberursel"]

1. e4 c6 2. d4 d5 3. Nd2 e6 4. e5 c5 5. c3 Nc6 6. Ndf3 Bd7 7. Bd3 cxd4 8. cxd4
Bb4+ 9. Kf1 Nge7 10. Ne2 a6 11. Ng3 Ng6 12. h4 Be7 13. Nh5 O-O 14. Nxg7 Kxg7
15. h5 Nh4 16. Nxh4 Kh8 17. Qg4 Rg8 18. Ng6+ fxg6 19. hxg6 Rg7 20. Bh6 1-0

[Event "HEM B-Turnier"]
[Site "Frankfurt-Zeilsheim"]
[Date "2018.05.12"]
[Round "6.10"]
[White "Hoelss, Manuel"]
[Black "Stiller, Bjoern"]
[Result "0-1"]
[WhiteElo "1757"]
[BlackElo "1673"]
[PlyCount "84"]
[EventDate "2018.??.??"]
[EventType "swiss"]
[EventRounds "7"]
[EventCountry "GER"]
[WhiteTeam "SSG Hungen-Lich"]
[BlackTeam "SSG Hungen-Lich"]

1. d4 Nf6 2. c4 c5 3. d5 b5 4. cxb5 a6 5. e4 d6 6. Nc3 g6 7. f4 Nfd7 8. Nf3 Bg7
9. Qc2 O-O 10. b3 e6 11. Bb2 Qa5 12. O-O-O Nf6 13. h3 exd5 14. e5 dxe5 15. fxe5
Bf5 16. Bd3 Ne4 17. Nxd5 Ng3 18. Ne7+ Kh8 19. Nxf5 Nxf5 20. Bxf5 gxf5 21. Qxf5
h6 22. Nh4 Qxa2 23. Qe4 axb5 24. Nf5 c4 25. Nxg7 Rc8 26. Qc2 Na6 27. Bc3 cxb3
28. Qxa2 bxa2 29. Kb2 b4 30. Bd4 Kxg7 31. Kxa2 Nc5+ 32. Kb2 Ne6 33. Bf2 Ra5 34.
Rhe1 Rb8 35. Rd7 b3 36. Ba7 Ra2+ 37. Kc3 Rc2+ 38. Kd3 Rbc8 39. Rf1 R8c3+ 40.
Ke4 Re2+ 41. Kf5 b2 42. Rb7 Rc1 0-1

[Event "HEM B-Turnier"]
[Site "Frankfurt-Zeilsheim"]
[Date "2018.05.12"]
[Round "6.11"]
[White "Meyer, Marcel"]
[Black "Weber, Andreas"]
[Result "1-0"]
[WhiteElo "1759"]
[BlackElo "1718"]
[PlyCount "67"]
[EventDate "2018.??.??"]
[EventType "swiss"]
[EventRounds "7"]
[EventCountry "GER"]
[WhiteTeam "SC Herborn"]
[BlackTeam "SC Flörsheim"]

1. d4 d5 2. c4 Nc6 3. e3 e5 4. dxe5 dxc4 5. Qxd8+ Kxd8 6. Nf3 Bg4 7. Bxc4 Bxf3
8. gxf3 Nxe5 9. Be2 c6 10. Nc3 Kc7 11. Bd2 Rd8 12. O-O-O Nh6 13. Kc2 Nf5 14. f4
Nd7 15. Ne4 h6 16. Bc3 f6 17. Rhg1 h5 18. Ng3 Nxg3 19. hxg3 Nc5 20. Rxd8 Kxd8
21. f3 Na4 22. Be1 Bc5 23. Bf2 Nb6 24. Rd1+ Ke7 25. Bg1 Rd8 26. e4 Bxg1 27.
Rxg1 Kf7 28. f5 g5 29. fxg6+ Kxg6 30. Bd3 Kf7 31. Rh1 Rh8 32. Rh4 Nd7 33. Be2
Rg8 34. Bc4+ 1-0

[Event "HEM B-Turnier"]
[Site "Frankfurt-Zeilsheim"]
[Date "2018.05.12"]
[Round "6.12"]
[White "Klowski, Bjoern Sigurd"]
[Black "Masoudi, Kian"]
[Result "1-0"]
[WhiteElo "1681"]
[BlackElo "1584"]
[PlyCount "85"]
[EventDate "2018.??.??"]
[EventType "swiss"]
[EventRounds "7"]
[EventCountry "GER"]
[WhiteTeam "SC Eschbon 1974"]
[BlackTeam "SC Bergen-Enkheim"]

1. e4 e5 2. Nf3 Nc6 3. Bc4 Nf6 4. d3 Bc5 5. c3 Bb6 6. O-O h6 7. Bb3 d6 8. Nbd2
O-O 9. h3 Be6 10. Bc2 Nh7 11. Re1 f5 12. exf5 Bxf5 13. Nf1 Qf6 14. Be3 Bxh3 15.
N1h2 Be6 16. Qd2 Bxe3 17. fxe3 Ng5 18. d4 Nxf3+ 19. Nxf3 Bf5 20. e4 Bg4 21. Rf1
Bxf3 22. Rxf3 Qg6 23. Raf1 Rxf3 24. Rxf3 a5 25. Qf2 a4 26. Bd3 Qe8 27. Bc4+ Kh8
28. Rf7 Na5 29. Qg3 Qg8 30. Be6 c6 31. Rxb7 Qh7 32. Rd7 Re8 33. Bf5 Qg8 34. Qg6
Nc4 35. Kf2 Nxb2 36. Ke2 Qc4+ 37. Kf2 Nd3+ 38. Ke3 exd4+ 39. cxd4 Qc1+ 40. Kxd3
Qa3+ 41. Ke2 Qb2+ 42. Kf3 Qc3+ 43. Kg4 1-0

[Event "HEM B-Turnier"]
[Site "Frankfurt-Zeilsheim"]
[Date "2018.05.12"]
[Round "6.13"]
[White "Mohr, Justus"]
[Black "Gruber, Reiner"]
[Result "0-1"]
[WhiteElo "1641"]
[BlackElo "1644"]
[PlyCount "72"]
[EventDate "2018.??.??"]
[EventType "swiss"]
[EventRounds "7"]
[EventCountry "GER"]
[WhiteTeam "SC FK Babenhausen"]
[BlackTeam "SK Dieburg"]

1. e4 e5 2. Nf3 Nf6 3. Nc3 Nc6 4. d4 exd4 5. Nxd4 Bb4 6. Nf5 O-O 7. Qd3 d5 8.
exd5 Bxf5 9. Qxf5 Qxd5 10. Qxd5 Nxd5 11. Bd2 Bxc3 12. bxc3 Rfe8+ 13. Kd1 Rad8
14. Bd3 Ne5 15. Re1 Nxd3 16. Rxe8+ Rxe8 17. cxd3 f5 18. Rb1 b6 19. c4 Nf6 20.
Bg5 Ng4 21. f3 Ne3+ 22. Bxe3 Rxe3 23. Kd2 f4 24. Rb5 c5 25. Rb1 Re6 26. Re1
Rxe1 27. Kxe1 Kf7 28. g3 Kf6 29. Kd2 Ke5 30. Kc3 h5 31. Kd2 g5 32. Ke2 Kd4 33.
gxf4 gxf4 34. Kd2 h4 35. h3 a6 36. a3 b5 0-1

[Event "HEM B-Turnier"]
[Site "Frankfurt-Zeilsheim"]
[Date "2018.05.12"]
[Round "6.14"]
[White "Vollbrecht, Christoph"]
[Black "Wachsmann, Elmar"]
[Result "0-1"]
[WhiteElo "1879"]
[BlackElo "1618"]
[PlyCount "52"]
[EventDate "2018.??.??"]
[EventType "swiss"]
[EventRounds "7"]
[EventCountry "GER"]
[WhiteTeam "SSG Rödermark/Eppertshausen"]
[BlackTeam "SC Groß-Umstadt"]

1. e4 e5 2. f4 Bc5 3. Nf3 d6 4. c3 Qe7 5. fxe5 dxe5 6. d3 Nc6 7. Be2 a6 8. Bg5
f6 9. Bh4 Be6 10. Nbd2 g5 11. Bg3 h5 12. Rf1 Nh6 13. h3 Rf8 14. Nh2 O-O-O 15.
Qc2 g4 16. hxg4 hxg4 17. O-O-O Rd7 18. Kb1 Rfd8 19. Bh4 Rf8 20. Rh1 Qg7 21.
Nhf1 f5 22. exf5 Nxf5 23. Ne4 Bb6 24. Bf2 Bxf2 25. Nxf2 Nfd4 26. cxd4 Nxd4 0-1

[Event "HEM B-Turnier"]
[Site "Frankfurt-Zeilsheim"]
[Date "2018.05.12"]
[Round "6.15"]
[White "Ross, Norbert"]
[Black "Graef, Jakob"]
[Result "1/2-1/2"]
[WhiteElo "1804"]
[BlackElo "1468"]
[PlyCount "85"]
[EventDate "2018.??.??"]
[EventType "swiss"]
[EventRounds "7"]
[EventCountry "GER"]
[WhiteTeam "SV Oberursel"]
[BlackTeam "SV Frankfurt Nord"]

1. d4 c6 2. c4 d5 3. Nf3 Nf6 4. Nc3 e6 5. e3 Bb4 6. cxd5 exd5 7. Qc2 O-O 8. Bd3
Bg4 9. Ne5 Bh5 10. O-O Bg6 11. Nxg6 fxg6 12. f3 Nbd7 13. Qb3 c5 14. Nxd5 Nxd5
15. Qxd5+ Kh8 16. Qb3 Qc7 17. a3 Ba5 18. Qc2 Qd6 19. Qa4 Bc7 20. g3 Nb6 21.
dxc5 Qxd3 22. cxb6 Bxb6 23. Qd1 Bxe3+ 24. Bxe3 Qxe3+ 25. Kg2 Rad8 26. Qe1 Rd2+
27. Kh1 Re2 28. Qc1 Qxc1 29. Raxc1 Rxb2 30. Rc7 h6 31. Rc3 Re8 32. Rd1 Ree2 33.
f4 Rxh2+ 34. Kg1 Rbg2+ 35. Kf1 Ra2 36. Kg1 Rhe2 37. Kf1 Re4 38. Rd8+ Kh7 39.
Rcc8 g5 40. f5 Ra1+ 41. Kf2 Ra2+ 42. Kf1 Ra1+ 43. Kf2 1/2-1/2

[Event "HEM B-Turnier"]
[Site "Frankfurt-Zeilsheim"]
[Date "2018.05.12"]
[Round "6.16"]
[White "Baitinger, Viktor"]
[Black "Lopez, Victor"]
[Result "0-1"]
[WhiteElo "1646"]
[BlackElo "1689"]
[PlyCount "42"]
[EventDate "2018.??.??"]
[EventType "swiss"]
[EventRounds "7"]
[EventCountry "GER"]
[WhiteTeam "SF Anderssen Wetzlar"]
[BlackTeam "SC Höchst"]

1. e4 c6 2. d4 d5 3. e5 Bf5 4. Ne2 e6 5. Nf4 h6 6. h4 Nd7 7. Bd3 Bxd3 8. Qxd3
Ne7 9. Nd2 c5 10. c3 Nc6 11. Nf3 cxd4 12. cxd4 Bb4+ 13. Bd2 Qa5 14. O-O Bxd2
15. Nxd2 O-O 16. Nb3 Qd8 17. Qg3 Kh8 18. Nh3 Ne7 19. Qe3 Nf5 20. Qd3 Qxh4 21.
Nd2 Qxd4 0-1

[Event "HEM B-Turnier"]
[Site "Frankfurt-Zeilsheim"]
[Date "2018.05.12"]
[Round "6.17"]
[White "Mongi, Mario"]
[Black "Krist, Stephan"]
[Result "1/2-1/2"]
[WhiteElo "1518"]
[BlackElo "1620"]
[PlyCount "38"]
[EventDate "2018.??.??"]
[EventType "swiss"]
[EventRounds "7"]
[EventCountry "GER"]
[WhiteTeam "SC Sulzbach"]
[BlackTeam "SVG Lauterbach"]

1. c4 e5 2. g3 Nc6 3. Bg2 Nf6 4. Nc3 Bc5 5. e3 O-O 6. Nge2 d6 7. O-O Be6 8. d4
exd4 9. exd4 Bxc4 10. dxc5 dxc5 11. Qxd8 Raxd8 12. Bxc6 bxc6 13. Be3 Rfe8 14.
Rad1 Nd5 15. Nxd5 cxd5 16. Rfe1 d4 17. b3 Bxe2 18. Rxe2 dxe3 19. Rxd8 Rxd8
1/2-1/2

[Event "HEM B-Turnier"]
[Site "Frankfurt-Zeilsheim"]
[Date "2018.05.12"]
[Round "6.18"]
[White "Will, Steffen"]
[Black "El Lawindy, Asem"]
[Result "1-0"]
[WhiteElo "1723"]
[BlackElo "1521"]
[PlyCount "83"]
[EventDate "2018.??.??"]
[EventType "swiss"]
[EventRounds "7"]
[EventCountry "GER"]
[WhiteTeam "SC Bad Nauheim"]
[BlackTeam "VSG Offenbach"]

1. e4 e5 2. Nf3 Nc6 3. d4 exd4 4. Nxd4 Nxd4 5. Qxd4 d6 6. Nc3 Nf6 7. f3 Be7 8.
Be3 O-O 9. Be2 Be6 10. g4 Nd7 11. O-O-O Bf6 12. Qd2 Ne5 13. g5 Be7 14. h4 Nc4
15. Bxc4 Bxc4 16. f4 f5 17. Qd4 b5 18. b3 c5 19. Qd2 b4 20. Nd5 Bb5 21. Nxe7+
Qxe7 22. Qd5+ Kh8 23. e5 dxe5 24. Bxc5 Rfd8 25. Bxe7 Rxd5 26. Rxd5 Bc6 27. Rhd1
Bxd5 28. Rxd5 exf4 29. Rxf5 Kg8 30. Rxf4 a5 31. Kb2 Re8 32. Bc5 g6 33. a3 bxa3+
34. Bxa3 h6 35. gxh6 Kh7 36. Bf8 Re5 37. c4 Rh5 38. Ka3 Re5 39. Ka4 Rh5 40. c5
Rd5 41. Kxa5 Rxc5+ 42. Bxc5 1-0

[Event "HEM B-Turnier"]
[Site "Frankfurt-Zeilsheim"]
[Date "2018.05.12"]
[Round "6.19"]
[White "Schneider, Lutz"]
[Black "Traut, Stefan"]
[Result "1-0"]
[WhiteElo "1722"]
[BlackElo "1661"]
[PlyCount "57"]
[EventDate "2018.??.??"]
[EventType "swiss"]
[EventRounds "7"]
[EventCountry "GER"]
[WhiteTeam "Sfr. Wiesbaden"]
[BlackTeam "SF Heusenstamm"]

1. e4 d5 2. exd5 Qxd5 3. Nc3 Qa5 4. d4 c6 5. Bd3 Nf6 6. Nge2 e6 7. Bf4 Be7 8.
O-O O-O 9. a3 Qd8 10. b4 a6 11. Ne4 Nbd7 12. N2g3 g6 13. c4 Nb6 14. Be2 Nxe4
15. Nxe4 Nd7 16. c5 Nf6 17. Bf3 Nxe4 18. Bxe4 Bf6 19. Be5 Re8 20. Qf3 Bg7 21.
Rfd1 Bd7 22. Qg3 Qc8 23. Rd3 a5 24. bxa5 Rxa5 25. Rf3 f5 26. Bc2 Bxe5 27. Qxe5
Qb8 28. Qe1 e5 29. Qxa5 1-0

[Event "HEM B-Turnier"]
[Site "Frankfurt-Zeilsheim"]
[Date "2018.05.12"]
[Round "6.20"]
[White "Strache, Rolf"]
[Black "Azizov, Fariz"]
[Result "1-0"]
[WhiteElo "1558"]
[BlackElo "1593"]
[PlyCount "63"]
[EventDate "2018.??.??"]
[EventType "swiss"]
[EventRounds "7"]
[EventCountry "GER"]
[WhiteTeam "SK Herborn"]
[BlackTeam "Kasseler SK"]

1. d4 Nf6 2. c4 e6 3. Nc3 d5 4. Bg5 Be7 5. e3 O-O 6. Nf3 c6 7. Bd3 dxc4 8. Bxc4
b5 9. Bd3 Nbd7 10. O-O Bb7 11. Rc1 Rc8 12. Bb1 Re8 13. Qd3 g6 14. a3 a5 15. Ne4
Nxe4 16. Bxe7 Nxf2 17. Rxf2 Qxe7 18. Rcf1 Rf8 19. h4 f5 20. Ba2 Kg7 21. Ng5 Rf6
22. Qb3 a4 23. Qd3 h6 24. Nf3 Rff8 25. g3 Nf6 26. Ne5 Ne4 27. Rf4 Nxg3 28. Nxg6
Qf6 29. Nxf8 Nxf1 30. Nxe6+ Kh8 31. Kxf1 Re8 32. Qxf5 1-0

[Event "HEM B-Turnier"]
[Site "Frankfurt-Zeilsheim"]
[Date "2018.05.12"]
[Round "6.21"]
[White "Eckert, Michael"]
[Black "Menz, Florian"]
[Result "1/2-1/2"]
[WhiteElo "1649"]
[BlackElo "1457"]
[PlyCount "37"]
[EventDate "2018.??.??"]
[EventType "swiss"]
[EventRounds "7"]
[EventCountry "GER"]
[WhiteTeam "C4 Chess Club"]
[BlackTeam "SC Ehrenberg"]

1. e4 e5 2. Bc4 Bc5 3. Nf3 d6 4. O-O Ne7 5. h3 O-O 6. c3 Nbc6 7. d4 exd4 8.
cxd4 Bb6 9. Nc3 Na5 10. Bd3 Nac6 11. Be3 f5 12. exf5 Nxf5 13. Bg5 Qd7 14. d5
Nce7 15. Be4 Ng3 16. Bxe7 Qxe7 17. Re1 Nxe4 18. Rxe4 Qf7 19. h4 1/2-1/2

[Event "HEM B-Turnier"]
[Site "Frankfurt-Zeilsheim"]
[Date "2018.05.13"]
[Round "7.1"]
[White "Winter, Lars"]
[Black "Diehl, Stefan"]
[Result "1/2-1/2"]
[WhiteElo "1891"]
[BlackElo "1812"]
[PlyCount "41"]
[EventDate "2018.??.??"]
[EventType "swiss"]
[EventRounds "7"]
[EventCountry "GER"]
[WhiteTeam "SV Fechenheim"]
[BlackTeam "SC Höchst"]

1. d4 f5 2. Bg5 g6 3. e3 Bg7 4. Nf3 Nf6 5. Nbd2 c5 6. c3 cxd4 7. exd4 O-O 8. h4
h6 9. Bxf6 Bxf6 10. Ne5 Bxe5 11. dxe5 d6 12. exd6 Qxd6 13. Bc4+ Be6 14. Qe2 Bf7
15. Bxf7+ Rxf7 16. Nc4 Qa6 17. Ne5 Rf6 18. Qxa6 Rxa6 19. O-O-O Nc6 20. Nxc6
bxc6 21. Rhe1 1/2-1/2

[Event "HEM B-Turnier"]
[Site "Frankfurt-Zeilsheim"]
[Date "2018.05.13"]
[Round "7.2"]
[White "Kirchner, Konrad"]
[Black "Alkayas, Shadi"]
[Result "1/2-1/2"]
[WhiteElo "1698"]
[BlackElo "1635"]
[PlyCount "99"]
[EventDate "2018.??.??"]
[EventType "swiss"]
[EventRounds "7"]
[EventCountry "GER"]
[WhiteTeam "SC Ehrenberg"]
[BlackTeam "SK Marburg"]

1. e4 e5 2. Nf3 Nc6 3. d4 exd4 4. Nxd4 Bc5 5. Be3 Bxd4 6. Bxd4 Nxd4 7. Qxd4 Nf6
8. Bd3 d6 9. Nc3 c5 10. Bb5+ Kf8 11. Qd2 a6 12. Be2 Be6 13. O-O-O Ne8 14. e5
Qd7 15. exd6 Rd8 16. Ne4 b6 17. a3 a5 18. Qf4 h6 19. h4 Bf5 20. Ng3 Be6 21. Rd2
g6 22. Rhd1 Kg7 23. Bc4 Bxc4 24. Qxc4 Qc6 25. Ne4 Rf8 26. Qd5 Qxd5 27. Rxd5 f5
28. Nc3 Nf6 29. Re5 Nd7 30. Re7+ Rf7 31. Nb5 Nf6 32. Re6 Rfd7 33. f3 Ne8 34.
Re7+ Rxe7 35. dxe7 Rxd1+ 36. Kxd1 Kf7 37. Na7 Nd6 38. Nc6 g5 39. hxg5 hxg5 40.
b3 Ke8 41. Kd2 Kd7 42. Ne5+ Kxe7 43. Kd3 Ke6 44. Nc4 Nc8 45. g3 Kd5 46. f4 gxf4
47. gxf4 Kc6 48. c3 Ne7 49. Ne3 b5 50. a4 1/2-1/2

[Event "HEM B-Turnier"]
[Site "Frankfurt-Zeilsheim"]
[Date "2018.05.13"]
[Round "7.3"]
[White "Lehnert, Michael"]
[Black "Ahrends, Norbert"]
[Result "1/2-1/2"]
[WhiteElo "1858"]
[BlackElo "1999"]
[PlyCount "34"]
[EventDate "2018.??.??"]
[EventType "swiss"]
[EventRounds "7"]
[EventCountry "GER"]
[WhiteTeam "SK Niederbrechen"]
[BlackTeam "SV Groß-Gerau"]

1. Nf3 d5 2. e3 c5 3. b3 Nc6 4. h3 Nf6 5. Bb2 Bf5 6. d3 e6 7. Nh4 Bg6 8. Nxg6
hxg6 9. Nd2 Bd6 10. Be2 Be5 11. Bxe5 Nxe5 12. f4 Nc6 13. c4 d4 14. e4 Nh5 15.
O-O Qh4 16. Bxh5 Rxh5 17. e5 O-O-O 1/2-1/2

[Event "HEM B-Turnier"]
[Site "Frankfurt-Zeilsheim"]
[Date "2018.05.13"]
[Round "7.4"]
[White "Varma, Christopher"]
[Black "Bergmann, Michael"]
[Result "0-1"]
[WhiteElo "1811"]
[BlackElo "1847"]
[PlyCount "78"]
[EventDate "2018.??.??"]
[EventType "swiss"]
[EventRounds "7"]
[EventCountry "GER"]
[WhiteTeam "SC Bad Nauheim"]
[BlackTeam "SF Frankfurt"]

1. e4 e5 2. Nf3 Nc6 3. Bb5 Nf6 4. d3 Bc5 5. Bxc6 dxc6 6. Nbd2 Qe7 7. b3 Bg4 8.
Bb2 Nd7 9. Qe2 O-O-O 10. O-O-O f6 11. Nc4 Nb6 12. Ne3 Bxf3 13. Qxf3 g6 14. Qg3
Ba3 15. Nc4 Nxc4 16. dxc4 Bxb2+ 17. Kxb2 Rxd1 18. Rxd1 Rd8 19. Qh3+ Rd7 20. Rd3
c5 21. Qe3 b6 22. g3 Rd4 23. c3 Rxd3 24. Qxd3 c6 25. Kc2 Qd7 26. Qf3 Qe6 27. h4
h5 28. Qd3 Kc7 29. b4 cxb4 30. cxb4 Qd6 31. Kc3 c5 32. bxc5 Qxc5 33. f4 Qa3+
34. Kd2 Qxa2+ 35. Ke3 Qh2 36. Kf3 exf4 37. Qd5 Qxg3+ 38. Ke2 f3+ 39. Kd1 Qd6
0-1

[Event "HEM B-Turnier"]
[Site "Frankfurt-Zeilsheim"]
[Date "2018.05.13"]
[Round "7.5"]
[White "Stiller, Bjoern"]
[Black "Schneider, Kevin"]
[Result "1/2-1/2"]
[WhiteElo "1673"]
[BlackElo "1699"]
[PlyCount "120"]
[EventDate "2018.??.??"]
[EventType "swiss"]
[EventRounds "7"]
[EventCountry "GER"]
[WhiteTeam "SSG Hungen-Lich"]
[BlackTeam "SC Breuberg"]

1. e4 e5 2. Nf3 Nc6 3. d4 exd4 4. Nxd4 Nf6 5. Nxc6 bxc6 6. e5 Nd5 7. c4 Bb4+ 8.
Bd2 Bxd2+ 9. Qxd2 Ne7 10. c5 O-O 11. Bc4 Nf5 12. O-O d6 13. cxd6 cxd6 14. exd6
Qxd6 15. Rd1 Qxd2 16. Rxd2 Re8 17. Nc3 Be6 18. Bxe6 Rxe6 19. Rad1 Rae8 20. Kf1
Kf8 21. Rd7 Rf6 22. Kg1 Rfe6 23. g3 R6e7 24. Kg2 Rxd7 25. Rxd7 Re7 26. Rd8+ Re8
27. Rd3 Rb8 28. b3 Ke7 29. Kf3 Nd6 30. Re3+ Kd7 31. Ne4 Nxe4 32. Rxe4 c5 33.
Rg4 g6 34. Ra4 Rb7 35. Ra6 Rc7 36. Ke3 c4 37. bxc4 Rxc4 38. Rxa7+ Ke8 39. a4
Rc3+ 40. Ke2 Kf8 41. a5 Ra3 42. a6 Kg7 43. Ra8 h6 44. a7 Ra2+ 45. Kf3 f6 46. h4
Ra3+ 47. Ke4 Ra1 48. Kd4 Rd1+ 49. Kc3 Ra1 50. Kb2 Ra4 51. Kb3 Ra5 52. g4 g5 53.
h5 Ra1 54. f3 Ra5 55. Kb4 Ra1 56. Kc5 Rc1+ 57. Kd4 Rd1+ 58. Ke3 Ra1 59. Kd4
Rd1+ 60. Ke4 Re1+ 1/2-1/2